| 000 | 01214cam a22003377a 4500 | ||
|---|---|---|---|
| 003 | CHAP | ||
| 005 | 20220329133114.0 | ||
| 008 | 971013s1990 r 00010 d | ||
| 010 | _a2199 | ||
| 011 | _a3171 | ||
| 035 | _a2371 | ||
| 040 | _cCHAP | ||
| 090 | _aTesis | ||
| 100 | 0 | 0 |
_aRamírez Santiago, Carlos. _994264 |
| 245 | 0 | _aAnálisis financiero de cambio de uso del suelo en un predio del municipio de San Felipe del Progreso, Estado de México | |
| 260 |
_aChapingo, Méx. : _bEl Autor, _c1990 |
||
| 300 |
_a70 h. _b: ilus. ; mapas |
||
| 502 | _aTesis (Ing. Agr. Esp. en Bosques) -- UACH. División de Ciencias Forestales | ||
| 590 |
_aALEPH _b10 _c20130110 _lUCH01 _h1212 |
||
| 590 |
_aBATCH-UPD _b10 _c20130110 _lUCH01 _h1728 |
||
| 590 |
_aBATCH-UPD _b10 _c20130410 _lUCH01 _h1110 |
||
| 590 |
_aBATCH-UPD _b10 _c20130914 _lUCH01 _h0705 |
||
| 590 |
_aCONVERSION _b10 _c20130109 _lUCH01 _h1302 |
||
| 650 | 1 | 4 |
_aBosques _xAspectos económicos _xMéxico (Edo.) _914077 |
| 650 | 1 | 4 |
_aGanadería _xAspectos económicos _xMéxico (Edo.) _944638 |
| 650 | 1 | 4 |
_aSuelos forestales. _9110548 |
| 650 | 1 | 4 |
_aTierras _xUtilización. _9113219 |
| 901 | _aBK | ||
| 942 | _cTESIS | ||
| 949 |
_bBC _cTES _d-11871 _eTS1 _h24007 _i2371 _si |
||
| 999 |
_c2199 _d2199 |
||